[Event "Is Bankasi Online Satranc Turn.13-14 Yas"]
[Site "T#645826Mustafa Kemal"]
[Date "2020.05.08"]
[Round "4"]
[White "Ruzgarbulutaks56"]
[Black "Hasangunesanac52"]
[Result "0-1"]
[WhiteElo "1590"]
[BlackElo "1713"]
[Annotator "NA RC"]
[PlyCount "104"]
[EventDate "2020.05.08"]
[EventType "swiss (blitz)"]

1. e4 {[%emt 0:00:02]} c5 {[%emt 0:00:01]} 2. Nc3 {[%emt 0:00:02]} g6 {[%emt 0:00:04]} 3. g3 {[%emt 0:00:03]} Bg7 {[%emt 0:00:01]} 4. Bg2 {[%emt 0:00:01]} d6 {[%emt 0:00:02]} 5. Nge2 {[%emt 0:00:01]} Nf6 {[%emt 0:00:02]} 6. d3 {[%emt 0:00:01]} e5 {[%emt 0:00:19]} 7. Be3 {[%emt 0:00:03]} Nc6 {[%emt 0:00:02]} 8. Qd2 {[%emt 0:00:04]} Ng4 {[%emt 0:00:05]} 9. h3 {[%emt 0:00:05]} Nxe3 {[%emt 0:00:01]} 10. Qxe3 {[%emt 0:00:02]} Nd4 {[%emt 0:00:02]} 11. Qd2 {[%emt 0:00:05]} O-O {[%emt 0:00:05]} 12. f4 {[%emt 0:00:04]} f5 {[%emt 0:00:19]} 13. O-O {[%emt 0:00:05]} Rb8 {[%emt 0:00:11]} 14. Rae1 {[%emt 0:00:05]} b5 {[%emt 0:00:06]} 15. Nd5 {[%emt 0:00:07]} Be6 {[%emt 0:00:12]} 16. Nxd4 {[%emt 0:00:19]} cxd4 {[%emt 0:00:23]} 17. exf5 {[%emt 0:00:03]} gxf5 {[%emt 0:00:13]} 18. Qb4 {[%emt 0:00:13]} a5 {[%emt 0:00:05]} 19. Qd2 {[%emt 0:00:03]} Rc8 {[%emt 0:00:12]} 20. c3 {[%emt 0:00:14]} Rc5 {[%emt 0:00:07]} 21. cxd4 {[%emt 0:00:03]} Rxd5 {[%emt 0:00:02]} 22. Bxd5 {[%emt 0:00:03]} Bxd5 {[%emt 0:00:00]} 23. dxe5 {[%emt 0:00:02]} dxe5 {[%emt 0:00:02]} 24. fxe5 {[%emt 0:00:01]} Bxa2 {[%emt 0:00:05]} 25. d4 {[%emt 0:00:21]} Bc4 {[%emt 0:00:09]} 26. Rf3 {[%emt 0:00:06]} Qd5 {[%emt 0:00:07]} 27. Qf4 {[%emt 0:00:08]} Rd8 {[%emt 0:00:11]} 28. Rd1 {[%emt 0:00:33]} Be2 {[%emt 0:00:02]} 29. Rdd3 {[%emt 0:00:15]} Bxf3 {[%emt 0:00:08]} 30. Rxf3 {[%emt 0:00:10]} Qxd4+ {[%emt 0:00:02]} 31. Qxd4 {[%emt 0:00:01]} Rxd4 {[%emt 0:00:00]} 32. Rxf5 {[%emt 0:00:01]} Rd5 {[%emt 0:00:03]} 33. Kf2 {[%emt 0:00:09]} Rxe5 {[%emt 0:00:06]} 34. Rf4 {[%emt 0:00:02]} Re7 {[%emt 0:00:05]} 35. Kg2 {[%emt 0:00:06]} Bxb2 {[%emt 0:00:03]} 36. Rf5 {[%emt 0:00:02]} Rb7 {[%emt 0:00:04]} 37. Rc5 {[%emt 0:00:03]} a4 {[%emt 0:00:03]} 38. Rc8+ {[%emt 0:00:03]} Kf7 {[%emt 0:00:03]} 39. Ra8 {[%emt 0:00:01]} a3 {[%emt 0:00:01]} 40. Kf2 {[%emt 0:00:02]} b4 {[%emt 0:00:01]} 41. Ke2 {[%emt 0:00:02]} b3 {[%emt 0:00:01]} 42. Kd2 {[%emt 0:00:01]} a2 {[%emt 0:00:01]} 43. Ra5 {[%emt 0:00:04]} a1=Q {[%emt 0:00:02]} 44. Rxa1 {[%emt 0:00:01]} Bxa1 {[%emt 0:00:00]} 45. Kd3 {[%emt 0:00:02]} b2 {[%emt 0:00:01]} 46. Kd2 {[%emt 0:00:01]} b1=Q {[%emt 0:00:00]} 47. Ke3 {[%emt 0:00:01]} Rb3+ {[%emt 0:00:02]} 48. Kf4 {[%emt 0:00:02]} Qf1+ {[%emt 0:00:01]} 49. Kg4 {[%emt 0:00:02]} Qf3+ {[%emt 0:00:01]} 50. Kg5 {[%emt 0:00:01]} Qxg3+ {[%emt 0:00:01]} 51. Kh5 {[%emt 0:00:01]} Rb5+ {[%emt 0:00:02]} 52. Kh6 {[%emt 0:00:02]} Qg6# {[%emt 0:00:03] (Lag: Av=1.18s, max=2.6s)} 0-1

[Event "Is Bankasi Online Satranc Turn.13-14 Yas"]
[Site "T#645826Mustafa Kemal"]
[Date "2020.05.08"]
[Round "4"]
[White "Orkuncagankose80"]
[Black "BaranPekdemir56"]
[Result "0-1"]
[WhiteElo "1577"]
[BlackElo "1393"]
[Annotator "NA RC"]
[PlyCount "60"]
[EventDate "2020.05.08"]
[EventType "swiss (blitz)"]

1. e4 {[%emt 0:00:10]} e5 {[%emt 0:00:02]} 2. Nf3 {[%emt 0:00:01]} Nc6 {[%emt 0:00:02]} 3. Bc4 {[%emt 0:00:01]} Nf6 {[%emt 0:00:04]} 4. Ng5 {[%emt 0:00:01]} d5 {[%emt 0:00:03]} 5. exd5 {[%emt 0:00:01]} Nxd5 {[%emt 0:00:02]} 6. Nxf7 {[%emt 0:00:05]} Kxf7 {[%emt 0:00:04]} 7. Qf3+ {[%emt 0:00:01]} Ke6 {[%emt 0:00:02]} 8. Nc3 {[%emt 0:00:01]} Ncb4 {[%emt 0:00:04]} 9. a3 {[%emt 0:00:12]} Nxc2+ {[%emt 0:00:03]} 10. Kd1 {[%emt 0:00:04]} Nxa1 {[%emt 0:00:20]} 11. Bxd5+ {[%emt 0:00:01]} Ke7 {[%emt 0:00:07]} 12. Qf7+ {[%emt 0:00:02]} Kd6 {[%emt 0:00:04]} 13. Nb5+ {[%emt 0:00:06]} Kc5 {[%emt 0:00:05]} 14. Nc3 {[%emt 0:00:17]} c6 {[%emt 0:00:21]} 15. b4+ {[%emt 0:00:05]} Kb6 {[%emt 0:00:14]} 16. Na4+ {[%emt 0:00:30]} Kb5 {[%emt 0:00:03]} 17. Nc3+ {[%emt 0:00:01]} Kb6 {[%emt 0:00:01]} 18. d3 {[%emt 0:00:02]} cxd5 {[%emt 0:00:02]} 19. Nxd5+ {[%emt 0:00:07]} Kc6 {[%emt 0:00:11]} 20. Nc3 {[%emt 0:00:18]} Qxd3+ {[%emt 0:00:04]} 21. Bd2 {[%emt 0:00:02]} e4 {[%emt 0:00:31]} 22. Qe8+ {[%emt 0:00:16]} Kc7 {[%emt 0:00:27]} 23. Nb5+ {[%emt 0:00:23]} Kb6 {[%emt 0:00:15]} 24. Nc3 {[%emt 0:00:22]} Nb3 {[%emt 0:00:04]} 25. Na4+ {[%emt 0:00:14]} Kc7 {[%emt 0:00:07]} 26. Qe5+ {[%emt 0:00:02]} Bd6 {[%emt 0:00:09]} 27. Qxg7+ {[%emt 0:00:28]} Kc6 {[%emt 0:00:05]} 28. Qc3+ {[%emt 0:00:03]} Qxc3 {[%emt 0:00:02]} 29. Bxc3 {[%emt 0:00:00]} Rg8 {[%emt 0:00:04]} 30. Kc2 {[%emt 0:00:00]} Be6 {[%emt 0:00:11] Orkuncagankose80 terk eder (Lag: Av=0.46s, max=0.9s)} 0-1

[Event "Is Bankasi Online Satranc Turn.13-14 Yas"]
[Site "T#645826Mustafa Kemal"]
[Date "2020.05.08"]
[Round "4"]
[White "Furkanyurtal88"]
[Black "Denizozkurt48"]
[Result "*"]
[WhiteElo "1575"]
[BlackElo "1658"]
[Annotator "NA RC"]
[PlyCount "198"]
[EventDate "2020.05.08"]
[EventType "swiss (blitz)"]

1. e4 {[%emt 0:00:04]} c5 {[%emt 0:00:02]} 2. Nf3 {[%emt 0:00:01]} g6 {[%emt 0:00:01]} 3. d4 {[%emt 0:00:01]} cxd4 {[%emt 0:00:00]} 4. Nxd4 {[%emt 0:00:01]} Bg7 {[%emt 0:00:01]} 5. Nc3 {[%emt 0:00:02]} Nc6 {[%emt 0:00:01]} 6. Be3 {[%emt 0:00:03]} Nf6 {[%emt 0:00:02]} 7. f3 {[%emt 0:00:02]} O-O {[%emt 0:00:03]} 8. Qd2 {[%emt 0:00:01]} d5 {[%emt 0:00:03]} 9. exd5 {[%emt 0:00:05]} Nxd5 {[%emt 0:00:04]} 10. Nxd5 {[%emt 0:00:11]} Qxd5 {[%emt 0:00:03]} 11. Nxc6 {[%emt 0:00:04]} bxc6 {[%emt 0:00:03]} 12. Qxd5 {[%emt 0:00:02]} cxd5 {[%emt 0:00:02]} 13. c3 {[%emt 0:00:01]} Rb8 {[%emt 0:00:03]} 14. O-O-O {[%emt 0:00:02]} Be6 {[%emt 0:00:03]} 15. Be2 {[%emt 0:00:04]} Rfc8 {[%emt 0:00:03]} 16. Rd2 {[%emt 0:00:05]} a5 {[%emt 0:00:02]} 17. h4 {[%emt 0:00:13]} a4 {[%emt 0:00:58]} 18. a3 {[%emt 0:00:04]} Bf6 {[%emt 0:00:22]} 19. g4 {[%emt 0:00:03]} Rc6 {[%emt 0:00:24]} 20. g5 {[%emt 0:00:17]} Bg7 {[%emt 0:00:03]} 21. Bd4 {[%emt 0:00:05]} Bf5 {[%emt 0:00:34]} 22. Bxg7 {[%emt 0:00:05]} Kxg7 {[%emt 0:00:01]} 23. Bd3 {[%emt 0:00:03]} Be6 {[%emt 0:00:19]} 24. Bc2 {[%emt 0:00:11]} Rc4 {[%emt 0:00:06]} 25. h5 {[%emt 0:00:13]} Rbc8 {[%emt 0:00:03]} 26. hxg6 {[%emt 0:00:02]} fxg6 {[%emt 0:00:09]} 27. Rf1 {[%emt 0:00:06]} Bf7 {[%emt 0:00:06]} 28. f4 {[%emt 0:00:03]} e6 {[%emt 0:00:01]} 29. Bd3 {[%emt 0:00:06]} R4c7 {[%emt 0:00:04]} 30. Bc2 {[%emt 0:00:01]} Rc4 {[%emt 0:00:03]} 31. Bd3 {[%emt 0:00:14]} R4c5 {[%emt 0:00:01]} 32. Bc2 {[%emt 0:00:02]} Be8 {[%emt 0:00:00]} 33. Rh1 {[%emt 0:00:05]} R8c7 {[%emt 0:00:05]} 34. Rdh2 {[%emt 0:00:02]} Kg8 {[%emt 0:00:01]} 35. Re2 {[%emt 0:00:05]} Re7 {[%emt 0:00:02]} 36. Rhe1 {[%emt 0:00:03]} Bd7 {[%emt 0:00:04]} 37. Re5 {[%emt 0:00:13]} Kf7 {[%emt 0:00:04]} 38. f5 {[%emt 0:00:03]} gxf5 {[%emt 0:00:01]} 39. Bxf5 {[%emt 0:00:01]} Rc6 {[%emt 0:00:04]} 40. Bc2 {[%emt 0:00:02]} Rd6 {[%emt 0:00:01]} 41. Rf1+ {[%emt 0:00:02]} Kg7 {[%emt 0:00:01]} 42. Rh1 {[%emt 0:00:03]} Kg8 {[%emt 0:00:01]} 43. Re2 {[%emt 0:00:07]} Be8 {[%emt 0:00:01]} 44. Reh2 {[%emt 0:00:02]} Bg6 {[%emt 0:00:01]} 45. Bxa4 {[%emt 0:00:07]} Ra6 {[%emt 0:00:03]} 46. Bc2 {[%emt 0:00:02]} Bxc2 {[%emt 0:00:01]} 47. Kxc2 {[%emt 0:00:00]} d4 {[%emt 0:00:00]} 48. Rh3 {[%emt 0:00:06]} dxc3 {[%emt 0:00:01]} 49. Rxc3 {[%emt 0:00:02]} Ra5 {[%emt 0:00:00]} 50. Rg1 {[%emt 0:00:02]} Rg7 {[%emt 0:00:02]} 51. Rcg3 {[%emt 0:00:01]} Kf7 {[%emt 0:00:02]} 52. b4 {[%emt 0:00:03]} Rd5 {[%emt 0:00:02]} 53. Rf1+ {[%emt 0:00:08]} Ke7 {[%emt 0:00:02]} 54. Rfg1 {[%emt 0:00:01]} Rf5 {[%emt 0:00:02]} 55. Kb3 {[%emt 0:00:02]} Kd6 {[%emt 0:00:01]} 56. a4 {[%emt 0:00:01]} Rf4 {[%emt 0:00:01]} 57. a5 {[%emt 0:00:02]} Rb7 {[%emt 0:00:02]} 58. Rd1+ {[%emt 0:00:02]} Ke7 {[%emt 0:00:02]} 59. Ra1 {[%emt 0:00:05]} Rbxb4+ {[%emt 0:00:03]} 60. Kc3 {[%emt 0:00:01]} Rfc4+ {[%emt 0:00:02]} 61. Kd3 {[%emt 0:00:01]} Rc7 {[%emt 0:00:06]} 62. Ke2 {[%emt 0:00:03]} Rb2+ {[%emt 0:00:01]} 63. Kf3 {[%emt 0:00:02]} Rb3+ {[%emt 0:00:01]} 64. Kg4 {[%emt 0:00:01]} Rb4+ {[%emt 0:00:03]} 65. Kh5 {[%emt 0:00:02]} Rbb7 {[%emt 0:00:01]} 66. Kh6 {[%emt 0:00:02]} Kd6 {[%emt 0:00:01]} 67. Rd3+ {[%emt 0:00:02]} Ke5 {[%emt 0:00:01]} 68. Re1+ {[%emt 0:00:05]} Kf4 {[%emt 0:00:04]} 69. Rd4+ {[%emt 0:00:03]} Kf5 {[%emt 0:00:03]} 70. Rf1+ {[%emt 0:00:05]} Ke5 {[%emt 0:00:01]} 71. Ra4 {[%emt 0:00:02]} Rc3 {[%emt 0:00:02]} 72. Re1+ {[%emt 0:00:03]} Kd6 {[%emt 0:00:01]} 73. Kh5 {[%emt 0:00:03]} Rh3+ {[%emt 0:00:03]} 74. Kg4 {[%emt 0:00:01]} Rd3 {[%emt 0:00:01]} 75. Kh5 {[%emt 0:00:03] Furkanyurtal88 beraberlik teklif ediyor} Ra7 {[%emt 0:00:03]} 76. Kg4 {[%emt 0:00:07]} Rd5 {[%emt 0:00:02]} 77. Rea1 {[%emt 0:00:02]} Ra6 {[%emt 0:00:03]} 78. Kh5 {[%emt 0:00:03]} e5 {[%emt 0:00:02]} 79. Kh6 {[%emt 0:00:02]} Ra7 {[%emt 0:00:02]} 80. a6 {[%emt 0:00:02]} Rd4 {[%emt 0:00:01]} 81. Ra5 {[%emt 0:00:04]} Rd5 {[%emt 0:00:02]} 82. R5a4 {[%emt 0:00:01]} Ke6 {[%emt 0:00:01]} 83. Rb4 {[%emt 0:00:07]} Rd6 {[%emt 0:00:03]} 84. Rba4 {[%emt 0:00:02]} Rd3 {[%emt 0:00:14]} 85. Kh5 {[%emt 0:00:03]} Rd4 {[%emt 0:00:03]} 86. Ra5 {[%emt 0:00:03]} Rd5 {[%emt 0:00:01]} 87. R5a4 {[%emt 0:00:01]} Rd6 {[%emt 0:00:00]} 88. Ra5 {[%emt 0:00:03]} Kf5 {[%emt 0:00:04]} 89. Rf1+ {[%emt 0:00:02]} Ke6 {[%emt 0:00:01]} 90. Rfa1 {[%emt 0:00:02]} Rd5 {[%emt 0:00:01]} 91. R5a4 {[%emt 0:00:02]} Ra8 {[%emt 0:00:02]} 92. a7 {[%emt 0:00:03]} Rd7 {[%emt 0:00:01]} 93. Ra6+ {[%emt 0:00:02]} Kf5 {[%emt 0:00:00]} 94. Rf1+ {[%emt 0:00:04]} Ke4 {[%emt 0:00:00]} 95. Re1+ {[%emt 0:00:01]} Kf3 {[%emt 0:00:01]} 96. Ra3+ {[%emt 0:00:02]} Kf2 {[%emt 0:00:03]} 97. Rea1 {[%emt 0:00:01]} e4 {[%emt 0:00:03]} 98. R1a2+ {[%emt 0:00:03]} Ke1 {[%emt 0:00:02]} 99. Re3+ {[%emt 0:00:03]} Kf1 {[%emt 0:00:02]} *

[Event "Is Bankasi Online Satranc Turn.13-14 Yas"]
[Site "T#645826Mustafa Kemal"]
[Date "2020.05.08"]
[Round "4"]
[White "Emrealtin54"]
[Black "toprakaker32"]
[Result "1-0"]
[WhiteElo "1572"]
[BlackElo "1384"]
[Annotator "NA RC"]
[PlyCount "67"]
[EventDate "2020.05.08"]
[EventType "swiss (blitz)"]

1. e4 {[%emt 0:00:02]} e6 {[%emt 0:00:02]} 2. d4 {[%emt 0:00:02]} d5 {[%emt 0:00:01]} 3. exd5 {[%emt 0:00:00]} exd5 {[%emt 0:00:01]} 4. Nf3 {[%emt 0:00:01]} Nf6 {[%emt 0:00:01]} 5. Bd3 {[%emt 0:00:02]} Bd6 {[%emt 0:00:00]} 6. O-O {[%emt 0:00:01]} O-O {[%emt 0:00:01]} 7. Bg5 {[%emt 0:00:03]} c6 {[%emt 0:00:02]} 8. c3 {[%emt 0:00:03]} Be6 {[%emt 0:00:10]} 9. Nbd2 {[%emt 0:00:02]} h6 {[%emt 0:00:02]} 10. Bh4 {[%emt 0:00:02]} Nbd7 {[%emt 0:00:03]} 11. Re1 {[%emt 0:00:07]} Qc7 {[%emt 0:00:03]} 12. h3 {[%emt 0:00:03]} Rfe8 {[%emt 0:00:08]} 13. Bxf6 {[%emt 0:00:10]} Nxf6 {[%emt 0:00:02]} 14. Qc2 {[%emt 0:00:01]} Rad8 {[%emt 0:00:08]} 15. Bf5 {[%emt 0:00:04]} Bxf5 {[%emt 0:00:05]} 16. Qxf5 {[%emt 0:00:00]} Qd7 {[%emt 0:00:02]} 17. Qxd7 {[%emt 0:00:06]} Rxd7 {[%emt 0:00:00]} 18. Rxe8+ {[%emt 0:00:04]} Nxe8 {[%emt 0:00:00]} 19. Re1 {[%emt 0:00:02]} Nf6 {[%emt 0:00:01]} 20. Ne5 {[%emt 0:00:10]} Bxe5 {[%emt 0:00:05]} 21. Rxe5 {[%emt 0:00:00]} Re7 {[%emt 0:00:01]} 22. Rxe7 {[%emt 0:00:02]} Nh7 {[%emt 0:00:09]} 23. Rxb7 {[%emt 0:00:06]} a5 {[%emt 0:00:01]} 24. Rc7 {[%emt 0:00:05]} Nf8 {[%emt 0:00:04]} 25. Rxc6 {[%emt 0:00:02]} Ne6 {[%emt 0:00:00]} 26. Rd6 {[%emt 0:00:02]} Nf4 {[%emt 0:00:02]} 27. g3 {[%emt 0:00:03]} Nd3 {[%emt 0:00:02]} 28. Rxd5 {[%emt 0:00:03]} Nxb2 {[%emt 0:00:02]} 29. Rxa5 {[%emt 0:00:01]} Nd3 {[%emt 0:00:01]} 30. d5 {[%emt 0:00:03]} Ne5 {[%emt 0:00:02]} 31. d6 {[%emt 0:00:01]} Nd7 {[%emt 0:00:00]} 32. Ra8+ {[%emt 0:00:01]} Kh7 {[%emt 0:00:02]} 33. Rd8 {[%emt 0:00:02]} Nb6 {[%emt 0:00:02]} 34. c4 {[%emt 0:00:01] toprakaker32 terk eder (Lag: Av=0.66s, max=1.0s)} 1-0

[Event "Is Bankasi Online Satranc Turn.13-14 Yas"]
[Site "T#645826Mustafa Kemal"]
[Date "2020.05.08"]
[Round "4"]
[White "Berkaysavasan12"]
[Black "Suatcankorkmaz06"]
[Result "0-1"]
[WhiteElo "1555"]
[BlackElo "1620"]
[Annotator "NA RC"]
[PlyCount "40"]
[EventDate "2020.05.08"]
[EventType "swiss (blitz)"]

1. d4 {[%emt 0:00:05]} Nf6 {[%emt 0:00:02]} 2. Bf4 {[%emt 0:00:05]} d6 {[%emt 0:00:04]} 3. e3 {[%emt 0:00:02]} g6 {[%emt 0:00:01]} 4. c3 {[%emt 0:00:05]} Bg7 {[%emt 0:00:03]} 5. Nd2 {[%emt 0:00:02]} O-O {[%emt 0:00:03]} 6. Ngf3 {[%emt 0:00:03]} Nbd7 {[%emt 0:00:02]} 7. Bd3 {[%emt 0:00:02]} c5 {[%emt 0:00:05]} 8. O-O {[%emt 0:00:07]} Nh5 {[%emt 0:00:07]} 9. Bg3 {[%emt 0:00:08]} a6 {[%emt 0:00:13]} 10. Re1 {[%emt 0:00:09]} Nxg3 {[%emt 0:00:04]} 11. hxg3 {[%emt 0:00:06]} b5 {[%emt 0:00:05]} 12. c4 {[%emt 0:00:07]} Qb6 {[%emt 0:00:25]} 13. Rc1 {[%emt 0:00:12]} Bb7 {[%emt 0:00:29]} 14. b3 {[%emt 0:00:09]} b4 {[%emt 0:00:13]} 15. Qe2 {[%emt 0:00:47]} Qc7 {[%emt 0:00:16]} 16. dxc5 {[%emt 0:00:12]} Nxc5 {[%emt 0:00:09]} 17. Ng5 {[%emt 0:00:04]} Qc6 {[%emt 0:00:29]} 18. Nge4 {[%emt 0:00:10]} f5 {[%emt 0:00:07]} 19. Qf3 {[%emt 0:00:24]} fxe4 {[%emt 0:00:09]} 20. Qxf8+ {[%emt 0:00:08]} Rxf8 {[%emt 0:00:05] Berkaysavasan12 terk eder (Lag: Av=0.99s, max=1.3s)} 0-1

[Event "Is Bankasi Online Satranc Turn.13-14 Yas"]
[Site "T#645826Mustafa Kemal"]
[Date "2020.05.08"]
[Round "4"]
[White "salihegeatakis36"]
[Black "Abdullahbatura90"]
[Result "0-1"]
[WhiteElo "1555"]
[BlackElo "1524"]
[Annotator "NA RC"]
[PlyCount "82"]
[EventDate "2020.05.08"]
[EventType "swiss (blitz)"]

1. e4 {[%emt 0:00:01]} c6 {[%emt 0:00:02]} 2. d4 {[%emt 0:00:02]} d5 {[%emt 0:00:01]} 3. exd5 {[%emt 0:00:03]} cxd5 {[%emt 0:00:00]} 4. Nf3 {[%emt 0:00:02]} Nc6 {[%emt 0:00:01]} 5. Nc3 {[%emt 0:00:02]} Nf6 {[%emt 0:00:01]} 6. Bf4 {[%emt 0:00:02]} Bg4 {[%emt 0:00:05]} 7. Bb5 {[%emt 0:00:09]} e6 {[%emt 0:00:07]} 8. h3 {[%emt 0:00:02]} Bxf3 {[%emt 0:00:03]} 9. Qxf3 {[%emt 0:00:03]} Be7 {[%emt 0:00:01]} 10. O-O-O {[%emt 0:00:16]} a6 {[%emt 0:00:07]} 11. Bxc6+ {[%emt 0:00:07]} bxc6 {[%emt 0:00:00]} 12. Be5 {[%emt 0:00:02]} Rb8 {[%emt 0:00:11]} 13. b3 {[%emt 0:00:20]} Rb7 {[%emt 0:00:16]} 14. Qg3 {[%emt 0:00:06]} O-O {[%emt 0:00:07]} 15. Na4 {[%emt 0:00:06]} g6 {[%emt 0:00:41]} 16. Bxf6 {[%emt 0:00:08]} Bxf6 {[%emt 0:00:02]} 17. Nc5 {[%emt 0:00:03]} Rb4 {[%emt 0:00:08]} 18. Nxa6 {[%emt 0:00:16]} Rxd4 {[%emt 0:00:07]} 19. Qf3 {[%emt 0:00:46]} Bg7 {[%emt 0:00:18]} 20. Rxd4 {[%emt 0:00:21]} Bxd4 {[%emt 0:00:00]} 21. Qd3 {[%emt 0:00:03]} Bg7 {[%emt 0:00:08]} 22. g3 {[%emt 0:00:02]} Qa5 {[%emt 0:00:04]} 23. a4 {[%emt 0:00:12]} Ra8 {[%emt 0:00:07]} 24. Rd1 {[%emt 0:00:30]} Qxa6 {[%emt 0:00:03]} 25. Re1 {[%emt 0:00:01]} Qxd3 {[%emt 0:00:02]} 26. cxd3 {[%emt 0:00:01]} c5 {[%emt 0:00:01]} 27. Kc2 {[%emt 0:00:01]} c4 {[%emt 0:00:05]} 28. dxc4 {[%emt 0:00:02]} dxc4 {[%emt 0:00:00]} 29. bxc4 {[%emt 0:00:01]} Rxa4 {[%emt 0:00:01]} 30. Kb3 {[%emt 0:00:02]} Ra8 {[%emt 0:00:03]} 31. Rc1 {[%emt 0:00:03]} Rb8+ {[%emt 0:00:01]} 32. Ka4 {[%emt 0:00:02]} Rc8 {[%emt 0:00:05]} 33. Ka5 {[%emt 0:00:01]} Kf8 {[%emt 0:00:03]} 34. Kb6 {[%emt 0:00:02]} Ke7 {[%emt 0:00:01]} 35. c5 {[%emt 0:00:02]} Bd4 {[%emt 0:00:03]} 36. Kb5 {[%emt 0:00:03]} Kf6 {[%emt 0:00:14]} 37. c6 {[%emt 0:00:02]} Ke7 {[%emt 0:00:14]} 38. f4 {[%emt 0:00:03]} e5 {[%emt 0:00:05]} 39. fxe5 {[%emt 0:00:03]} Bxe5 {[%emt 0:00:01]} 40. Rd1 {[%emt 0:00:06]} Bd6 {[%emt 0:00:11]} 41. Rd2 {[%emt 0:00:02]} Rb8+ {[%emt 0:00:14] Zaman (Lag: Av=0.83s, max=1.1s)} 0-1

[Event "Is Bankasi Online Satranc Turn.13-14 Yas"]
[Site "T#645826Mustafa Kemal"]
[Date "2020.05.08"]
[Round "4"]
[White "Abdullahefeani74"]
[Black "Sametcelebi04"]
[Result "1-0"]
[WhiteElo "1552"]
[BlackElo "1525"]
[Annotator "NA RC"]
[PlyCount "123"]
[EventDate "2020.05.08"]
[EventType "swiss (blitz)"]

1. d4 {[%emt 0:00:04]} d5 {[%emt 0:00:02]} 2. c4 {[%emt 0:00:03]} Nf6 {[%emt 0:00:04]} 3. cxd5 {[%emt 0:00:02]} Nxd5 {[%emt 0:00:02]} 4. e4 {[%emt 0:00:00]} Nf6 {[%emt 0:00:06]} 5. Nc3 {[%emt 0:00:01]} e6 {[%emt 0:00:03]} 6. Bg5 {[%emt 0:00:03]} Be7 {[%emt 0:00:05]} 7. Nf3 {[%emt 0:00:02]} Nc6 {[%emt 0:00:02]} 8. Bb5 {[%emt 0:00:04]} a6 {[%emt 0:00:03]} 9. Ba4 {[%emt 0:00:03]} Bd7 {[%emt 0:00:07]} 10. O-O {[%emt 0:00:04]} O-O {[%emt 0:00:08]} 11. Re1 {[%emt 0:00:02]} h6 {[%emt 0:00:06]} 12. Bh4 {[%emt 0:00:02]} Bd6 {[%emt 0:00:15]} 13. e5 {[%emt 0:00:03]} Be7 {[%emt 0:00:15]} 14. exf6 {[%emt 0:00:03]} Bxf6 {[%emt 0:00:02]} 15. Bxf6 {[%emt 0:00:02]} gxf6 {[%emt 0:00:01]} 16. Bxc6 {[%emt 0:00:01]} Bxc6 {[%emt 0:00:03]} 17. Rc1 {[%emt 0:00:03]} Qd6 {[%emt 0:00:06]} 18. h3 {[%emt 0:00:23]} Kh8 {[%emt 0:00:05]} 19. Qd3 {[%emt 0:00:06]} Rg8 {[%emt 0:00:10]} 20. Rcd1 {[%emt 0:00:07]} Rg7 {[%emt 0:00:15]} 21. d5 {[%emt 0:00:16]} exd5 {[%emt 0:00:15]} 22. Nxd5 {[%emt 0:00:02]} Bxd5 {[%emt 0:00:06]} 23. Qxd5 {[%emt 0:00:02]} Qxd5 {[%emt 0:00:02]} 24. Rxd5 {[%emt 0:00:01]} Rag8 {[%emt 0:00:04]} 25. g4 {[%emt 0:00:01]} c6 {[%emt 0:00:09]} 26. Rf5 {[%emt 0:00:11]} Rg6 {[%emt 0:00:10]} 27. Re7 {[%emt 0:00:05]} b6 {[%emt 0:00:07]} 28. Rxf7 {[%emt 0:00:03]} R6g7 {[%emt 0:00:03]} 29. R5xf6 {[%emt 0:00:02]} a5 {[%emt 0:00:05]} 30. Rxg7 {[%emt 0:00:05]} Rxg7 {[%emt 0:00:02]} 31. Rf8+ {[%emt 0:00:01]} Rg8 {[%emt 0:00:02]} 32. Rxg8+ {[%emt 0:00:01]} Kxg8 {[%emt 0:00:01]} 33. Ne5 {[%emt 0:00:01]} c5 {[%emt 0:00:04]} 34. Nd7 {[%emt 0:00:01]} Kf7 {[%emt 0:00:08]} 35. Nxb6 {[%emt 0:00:02]} Ke6 {[%emt 0:00:03]} 36. f4 {[%emt 0:00:05]} Kd6 {[%emt 0:00:03]} 37. Nc4+ {[%emt 0:00:05]} Ke7 {[%emt 0:00:02]} 38. Nxa5 {[%emt 0:00:01]} Kf6 {[%emt 0:00:01]} 39. Nb7 {[%emt 0:00:01]} c4 {[%emt 0:00:01]} 40. Nd6 {[%emt 0:00:01]} Ke6 {[%emt 0:00:03]} 41. Nxc4 {[%emt 0:00:01]} Kf6 {[%emt 0:00:01]} 42. a4 {[%emt 0:00:01]} Kg6 {[%emt 0:00:03]} 43. a5 {[%emt 0:00:00]} h5 {[%emt 0:00:01]} 44. a6 {[%emt 0:00:04]} hxg4 {[%emt 0:00:02]} 45. hxg4 {[%emt 0:00:00]} Kf6 {[%emt 0:00:01]} 46. a7 {[%emt 0:00:02]} Ke6 {[%emt 0:00:02]} 47. a8=Q {[%emt 0:00:01]} Kf6 {[%emt 0:00:04]} 48. Qf8+ {[%emt 0:00:03]} Ke6 {[%emt 0:00:01]} 49. g5 {[%emt 0:00:01]} Kd5 {[%emt 0:00:02]} 50. Qf7+ {[%emt 0:00:02]} Kd4 {[%emt 0:00:07]} 51. g6 {[%emt 0:00:01]} Ke4 {[%emt 0:00:04]} 52. g7 {[%emt 0:00:02]} Kd4 {[%emt 0:00:01]} 53. g8=Q {[%emt 0:00:01]} Ke4 {[%emt 0:00:02]} 54. Qge8+ {[%emt 0:00:01]} Kd4 {[%emt 0:00:02]} 55. Qe5+ {[%emt 0:00:04]} Kd3 {[%emt 0:00:04]} 56. Qfd5+ {[%emt 0:00:01]} Kc2 {[%emt 0:00:04]} 57. Qd2+ {[%emt 0:00:02]} Kb3 {[%emt 0:00:04]} 58. Qb5+ {[%emt 0:00:02]} Ka2 {[%emt 0:00:04]} 59. Qda5+ {[%emt 0:00:05]} Kb1 {[%emt 0:00:07]} 60. b3 {[%emt 0:00:06]} Kc1 {[%emt 0:00:08]} 61. Qd2+ {[%emt 0:00:01]} Kb1 {[%emt 0:00:03]} 62. Qb2# {[%emt 0:00:01] (Lag: Av=0.57s, max=1.0s)} 1-0

[Event "Is Bankasi Online Satranc Turn.13-14 Yas"]
[Site "T#645826Mustafa Kemal"]
[Date "2020.05.08"]
[Round "4"]
[White "Hasancanari30"]
[Black "Bekirtalhadoga54"]
[Result "1-0"]
[WhiteElo "1537"]
[BlackElo "1149"]
[Annotator "NA RC"]
[PlyCount "49"]
[EventDate "2020.05.08"]
[EventType "swiss (blitz)"]

1. d4 {[%emt 0:00:03]} d5 {[%emt 0:00:02]} 2. Nf3 {[%emt 0:00:01]} Nc6 {[%emt 0:00:03]} 3. c4 {[%emt 0:00:01]} dxc4 {[%emt 0:00:02]} 4. Nc3 {[%emt 0:00:02]} f6 {[%emt 0:00:04]} 5. e4 {[%emt 0:00:01]} e5 {[%emt 0:00:11]} 6. d5 {[%emt 0:00:02]} Nb4 {[%emt 0:00:08]} 7. Bxc4 {[%emt 0:00:07]} a6 {[%emt 0:00:10]} 8. Qb3 {[%emt 0:00:11]} Bg4 {[%emt 0:00:07]} 9. d6 {[%emt 0:00:03]} cxd6 {[%emt 0:00:03]} 10. Bxg8 {[%emt 0:00:21]} Rxg8 {[%emt 0:00:03]} 11. Qxg8 {[%emt 0:00:02]} Nc2+ {[%emt 0:00:05]} 12. Kd1 {[%emt 0:00:04]} Nxa1 {[%emt 0:00:01]} 13. Qxh7 {[%emt 0:00:11]} Rc8 {[%emt 0:00:06]} 14. Qg6+ {[%emt 0:00:03]} Ke7 {[%emt 0:00:10]} 15. Qxg4 {[%emt 0:00:01]} Rc4 {[%emt 0:00:08]} 16. Nd5+ {[%emt 0:00:02]} Kf7 {[%emt 0:00:12]} 17. Qh5+ {[%emt 0:00:03]} g6 {[%emt 0:00:02]} 18. Qh7+ {[%emt 0:00:01]} Bg7 {[%emt 0:00:02]} 19. Nc3 {[%emt 0:00:21]} Qa5 {[%emt 0:00:12]} 20. Nh4 {[%emt 0:00:04]} Qa4+ {[%emt 0:00:04]} 21. Nxa4 {[%emt 0:00:03]} Rxa4 {[%emt 0:00:02]} 22. Qxg6+ {[%emt 0:00:01]} Ke7 {[%emt 0:00:06]} 23. Nf5+ {[%emt 0:00:01]} Ke6 {[%emt 0:00:02]} 24. Qxg7 {[%emt 0:00:01]} Rxa2 {[%emt 0:00:07]} 25. Qe7# {[%emt 0:00:01] (Lag: Av=0.66s, max=1.3s)} 1-0